| 000 | 00471nam a2200205Ia 4500 | ||
|---|---|---|---|
| 003 | 0100 | ||
| 008 | 130227s9999 xx 000 0 und d | ||
| 040 | _cARRUPELIB | ||
| 050 | _aD157.A799 | ||
| 100 | _aAsbridge, Thomas | ||
| 245 | 4 | _aThe crusaders | |
| 245 | _bthe war for the holy land | ||
| 260 | _aLondon | ||
| 260 | _bPocket Books | ||
| 260 | _C2010 | ||
| 300 | _a767p. | ||
| 300 | _b 23 cm | ||
| 650 | _bTruth Correspondence theory of | ||
| 942 |
_2lcc _03 |
||
| 999 |
_c3305 _d3305 |
||